L'Organització científica de la indústria /
Descripción Física:
100 p. ; 22 cm
Materias:
Empreses -- Direcció i administració
MARC
| LEADER | 00000nam a2200000Ia 4500 | ||
|---|---|---|---|
| 001 | 801 | ||
| 003 | BGR | ||
| 005 | 20260324175210.0 | ||
| 008 | 160829s9999 xx 000 0 cat d | ||
| 080 | |a C-2-124 | ||
| 100 | |a Tallada, Josep M. |9 19859 | ||
| 245 | |a L'Organització científica de la indústria / |c per Josep M. Tallada | ||
| 260 | |a Barcelona : |b Institut d'Orientació Professional, [1922] | ||
| 300 | |a 100 p. ; |c 22 cm | ||
| 490 | |a Publicacions de l'Institut d'Orientació Professional ; 2 | ||
| 650 | 0 | |a Empreses |x Direcció i administració |9 10980 | |
| 710 | 2 | |a Institut d'Orientació Professional (Barcelona) |9 71099 | |
| 901 | |a Arxiu | ||
| 942 | |n 1 |2 udc |c MON | ||
| 952 | |0 0 |1 0 |4 0 |6 C2124 |7 1 |9 41350 |a Arxiu |b Arxiu |d 2016-12-01 |l 0 |o C-2-124 |p 801 |r 2016-12-01 00:00:00 |w 2016-12-01 |y ARXIU | ||
| 999 | |c 43158 |d 43158 | ||